Music Icons who everyone WILL know - Statistics

General Stats
  • This quiz has been taken 78 times
  • The average score is 18 of 20
Answer Stats
Picture Answer % Correct
Michael Jackson
100%
Bruno Mars
97%
Elvis
97%
Rihanna
97%
Taylor Swift
97%
Billie Eilish
96%
Bob Marley
96%
Ed Sheeran
96%
Snoop Dogg
94%
Beyonce
93%
Kanye West
93%
The Beatles
93%
Adele
90%
Nicki Minaj
90%
Britney Spears
87%
Lady Gaga
85%
Katy Perry
84%
Madonna
79%
Shakira
79%
BTS
73%
No matching quizzes found
Score Distribution
Percent of People with Each Score
Percentile by Number Answered
Your Score History
You have not taken this quiz